000 01116nam0a2200313 4500
001 RU\NLR\ONL2\30014
005 20250613225141.0
035 _a(NLR Aleph) 010216967
090 _a10302916
_c10302916
100 _a20140206d1963 |||y0rusy50 ca
101 0 _asah
102 _aRU
105 _aa |||||||||
200 1 _aСаха сиригэр кыылы иитии
_fВ. Л. Алексеев
210 _aЯкутскай
_cСаха сиринээҕи кинигэ изд-вота
_d1963
215 _a33,[1] с.
_cил.
_d20
225 1 _aБастыҥ опыт
541 1 _aОпыт разведения зверей в Якутии
_zrus
606 1 _aПушные звери
_xРазведение
_91113268
_3RU\NLR\AUTH\66440037
686 1 _aУ9(2)32
686 1 _aП71
700 1 _4070
_aАлексеев
_bВ. Л.
_cжурналист
_gВасилий Львович
_9146494
_3RU\NLR\AUTH\770146530
801 0 _aRU
_bNLR
_c20140206
_gPSBO
852 _aNLR
_bОНЛ
_jЯкут./2-1449
942 _cBOOK
980 _aNB
980 _aONL_RF